02039nam a22002177a 4500003000900000008004100009040007100050082001900121100007600140245002600216260009200242300002800334440005900362505119000421650002301611650001901634650001901653650002501672700007701697700004701774AR-CdUCM190321b ||||| |||| 00| 0 spa d aMUNICIPALIDAD PROVINCIAL DEL CUSCOcBIBLIOTECA MUNICIPAL DEL CUSCO a985.008 /bC73 aComisión nacional del Sesquicentenario de la Independencia del Perú aLa Marina 1780-1822 / aLima :bComisión nacional del Sesquicentenario de la Independencia del Perú,c1971. a4 volúmenes ;c24 cm. aColección documental de la independencia del Perú. aContenido: V.1 Miembros del gobierno revolucionario de la fuerza armada - Comisión nacional del sesquicentenario de la independencia del Perú - 1753-1771 construcción naval, Cartografía marítima - Cartografía general. Guía para la investigación general, 1791-1794 - Antiguo mercurio peruano - Comercio. Expedición malaspina. Biblioteca del museo naval de Madrid -- V.2 Diversos datos enviados de los buques patriotas del gobierno de Buenos Aires - Comentarios sobre la expedicion de Comodoro Brown - Movimientos de naves en el Callao - Combate cerca de las islas Chincha - Rebelión en el corsario "Chacabuco" - Ataque sufrido en el Callao el 28 de febrero de 1819 - Proclama del general San Martín a los limeños y a los habitantes de todo el Perú -- V.3 Documentos inéditos de Trujillo y Lambayeque - Medidas militares para la defensa de los puertos Malabrigo - Gobierno e intendencia de Trujillo año 1818 - El desembarco de Cochrane en Santa y sus efectos en Trujillo -- V.4 De Lardizabal al Virrey del Perú, Madrid, 3 setiembre 1814 - De san Martín a Bowles, Santiago de Chile, 22 de febrero de 1817 - De Redhead a W. Bowles. Salta, 16 de mayo 1817. aPerú colecciones aMarina peruana aIndependencia  aConstrucción naval aCap. de Navio AP. Elias, J. Julio (edición, prólogo y compilación) aDenegri Luna, Felix (edición, prólogo)